Kirjaimella G alkavia kaupunkeja kartalla - Statistics

Yleistilastot
  • Tätä visaa on pelattu 612 kertaa
  • Keskiarvotulos 10 / 25
Vastaukset kartalla
Vastauksille on annettu kartalla punavihreä väri sen mukaan, kuinka moni on saanut sen oikein.
 
Vastaustilastot
Kaupunki % Oikein
Göteborg
95%
Glasgow
84%
Gdańsk
78%
Geneve
66%
Guatemala
61%
Genova
60%
Gaza
55%
Georgetown
50%
Gent
46%
Giza
46%
Guadalajara
45%
Graz
41%
Granada
40%
Gaborone
35%
Gitega
31%
Guantanamo
29%
Guayaquil
20%
Gold Coast
19%
Gaziantep
16%
Greensboro
16%
Groznyi
16%
Gwangju
13%
Goiânia
12%
Guiyang
9%
Gujranwala
9%
Ehtoja vastaavia visoja ei löytynyt
Tulosjakauma
Jokaisen tuloksen saaneiden osuus
Persentiili vastausten määrän mukaan
Tuloshistoriasi
Et ole pelannut tätä visaa